000 01033nam a2200277 a 4500
001 000018813
003 OSt
005 20260321073640.0
008 100519s2010 dr 001 0 spa d
020 _a9789945020915
040 _aDO-SdBNP
_bspa
_cBNPHU
082 _aRD863.4409
_bV145c
100 1 _aValdez, Diógenes,
_d1941-
_920511
245 1 0 _aCuatro aspectos sobre la literatura de Juan Bosch /
_cDiógenes Valdez.
260 _aSanto Domingo :
_bArchivo General de la Nación,
_c2010.
_fBúho
300 _a255 p. ;
_c23 cm.
490 1 _aArchivo General de la Nación
_v105
500 _aIncluye datos biográficos del autor en las solapas de la cubierta.
500 _aIncluye referencias bibliográficas y notas al pie de las páginas.
590 _aInventariado, 2020/VM
600 1 0 _a Bosch, Juan,
_d1909-2001
_976555
650 4 _aLiteratura dominicana
_xHistoria y crítica
_9159
650 4 _aCuentos dominicanos
_xHistoria y crítica
_910852
910 _aValidado. Control de calidad EMS.
942 _2ddc
_cLBS1
999 _c18333
_d18333